Términos de comparación: los estudios literarios entre historia y teorias

I tiakina i:
Ngā taipitopito rārangi puna kōrero
Hōputu: Pukapuka
Reo:Pāniora
I whakaputaina: Montevideo Academia Nacional de Letras 1989
Ngā marau:
Ngā Tūtohu: Tāpirihia he Tūtohu
Kāore He Tūtohu, Me noho koe te mea tuatahi ki te tūtohu i tēnei pūkete!

MARC

LEADER 00000nam a2200000 a 4500
001 UCY1015
003 CL-VaPUC
005 20220412172228.0
008 940819e19890000uy 1 spa d
082 0 4 |a 809  |b TER  |2 21 
245 1 0 |a Términos de comparación: los estudios literarios entre historia y teorias 
260 |a Montevideo  |b Academia Nacional de Letras  |c 1989 
300 |a 191 p 
583 |a last modification  |c 20120821 07:16:29  |k Rodrigo Vera 
650 0 0 |a Literatura comparada  |9 319086 
650 0 0 |a Congresos  |9 257560 
942 |c BK 
945 |a rbrito  |d 19940819 00:00:00 
546 |a En Español 
536 |a Academia Nacional de Letras 
518 |p Seminario Latinoamericano de literatura comparada, 2, Montevideo, 1989 
999 |c 382250  |d 382248 
952 |0 0  |1 0  |4 0  |6 809_000000000000000_TER_1989  |7 0  |8 A  |9 503831  |a BIBEDU  |b BIBEDU  |d 2020-01-23  |i 3001547  |o 809 TER 1989  |p 3001547  |r 2020-01-23  |w 2020-01-23  |y BK  |k LIT